000 00840nam a2200193 i 4500
001 155163
003 ES-MaACL
005 20250804063428.0
008 991221s1889 sp |||| | spa d
040 _aCCPB | B
_bspa
_cCCPB | B
100 1 _aHazañas y La Rúa, Joaquín,
_d1862-1934
_962227
245 1 0 _aBiografía del poeta sevillano Rodrigo Fernández de Ribera y juicio de sus principales obras /
_cpor Joaquín Hazañas y La Rua ... ; precedido de un prólogo de Luis Montoto y Rautenstrauch.
260 _aSevilla :
_b[s.n.],
_c1889 (
_fOficina de Carlos de Torres y Daza)
300 _a127 p. ;
_c19 cm.
600 0 4 _aFernández de Ribera, Rodrigo.
_949710
700 0 _aMontoto y Rautenstrauch, Luis.
_982705
852 _aES-MaACL
_jT-1013-F-2
_z-- Enc. hol.
_z-- Enc. en un vol. facticio
999 _c155163
_d155163